| 000 | 01267nam0a22002891 4500 | ||
|---|---|---|---|
| 001 | rc\3061032 | ||
| 005 | 20250810063409.0 | ||
| 035 | _a(NLR Aleph) 007199742 | ||
| 090 |
_a7620473 _c7620473 |
||
| 100 | _a20111012d1941 u y0rusy50 ca | ||
| 101 | 0 | _arus | |
| 102 | _aRU | ||
| 105 | _aa z ||||| | ||
| 200 | 1 | _aТополевая выпуклая щитовка Aspidiotus slavonicus Green в окрестностях г. Самарканда по наблюдениям 1937-38 гг. | |
| 210 |
_aТашкент _aСамарканд _cУзгиз _d1941 _eСамарканд |
||
| 215 |
_aТит. л., 12 с. _cил. _d22 см |
||
| 225 | 1 |
_aТруды Узбекского государственного университета _v№ 13 _vвып. 10 _aНовая серия. Биология |
|
| 300 | _aОписано по 1-й с. На обл. и тит. л. только серийное загл.: Труды ... | ||
| 320 | _aБиблиогр.: с. 12 | ||
| 700 | 1 |
_aФатахов _bЮ.М. _f1898- _gЮханян Мурадович |
|
| 801 | 0 |
_aRU _bNLR _gpsbo |
|
| 801 | 1 |
_aRU _bELAR _2rusmarc |
|
| 852 |
_aNLR _jПр50 В-4/2(13) |
||
| 942 | _cBOOK | ||
| 945 | _aРоссийская национальная библиотека | ||
| 980 | _aNB | ||
| 980 | _aBV | ||